000 00573nam a22002177a 4500
003 OSt
005 20260401110703.0
008 260401b |||||||| |||| 00| 0 eng d
020 _a978-93-5962-362-7
040 _cSBCL
082 _a894.8123
_bJOS-O
100 _aJose,Lajo
245 _aOrange Thottathile Athidhi
250 _a19th ed.
260 _aKozhikode
_bMathrubhumi Books
_c2026
300 _a199p.
630 _xLiterature & rhetoric
650 _aLiteratures of other languages
650 _aLiteratures of East & Southeast Asia
942 _cBOOK
999 _c137855
_d137855